[Event "C.to Provinciale AT"]
[Site "Asti ITA"]
[Date "2008.03.29"]
[Round "4"]
[White "De Francisci, Luigi"]
[Black "Del Nevo, Claudio"]
[Result "1/2-1/2"]
[WhiteElo "1961"]
[BlackElo "1920"]
[PlyCount "148"]
[EventDate "2008.03.27"]

1. d4 d6 2. e4 Nf6 3. Nc3 g6 4. Bd3 Bg7 5. Nf3 c6 6. h3 O-O 7. Bf4 Nbd7 8. Qd2
b5 9. Bh6 b4 10. Ne2 a5 11. Bxg7 Kxg7 12. Rd1 Bb7 13. Ng3 h6 14. h4 h5 15. e5
dxe5 16. dxe5 Nh7 17. Nxh5+ gxh5 18. Bxh7 Kxh7 19. Qxd7 Qc8 20. Qd3+ Kg7 21.
Ng5 Rh8 22. Qc4 Qf5 23. Qe4 Qxe4+ 24. Nxe4 Ba6 25. Kd2 Bc4 26. b3 Bd5 27. Rhe1
Rhd8 28. Ke3 Bxe4 29. Kxe4 Kg6 30. Rd3 f5+ 31. exf6 exf6 32. Ree3 f5+ 33. Kf4
Kf6 34. Re5 Rxd3 35. Rxf5+ Kg6 36. cxd3 Rd8 37. Rg5+ Kh6 38. Ke3 Ra8 39. Rc5
Ra6 40. Ke4 a4 41. Kd4 axb3 42. axb3 Ra2 43. Rxc6+ Kg7 44. Kc4 Rc2+ 45. Kb5 Rc3
46. Rc4 Rxb3 47. Rxb4 Rxd3 48. Rf4 Rd2 49. Kc5 Kg6 50. Rf3 Rd1 51. Rg3+ Kh6 52.
Kc4 Rd2 53. Rf3 Kg6 54. Kc3 Ra2 55. Kd3 Ra4 56. g3 Rb4 57. Re3 Kf5 58. f3 Ra4
59. Ke2 Ra2+ 60. Kf1 Rb2 61. Re2 Rb3 62. Kg2 Ra3 63. Rb2 Ra5 64. Kh3 Ra3 65.
Rb5+ Kg6 66. Rg5+ Kh6 67. Rf5 Kg6 68. Rf8 Kg7 69. Rf4 Kg6 70. g4 hxg4+ 71. Kxg4
Ra6 72. h5+ Kh6 73. Rf5 Rb6 74. f4 Ra6 1/2-1/2

[Event "C.to Provinciale AT"]
[Site "Asti ITA"]
[Date "2008.03.29"]
[Round "4"]
[White "Di Chiara, Mauro"]
[Black "Venturino, Federico"]
[Result "1/2-1/2"]
[WhiteElo "1812"]
[BlackElo "1913"]
[PlyCount "129"]
[EventDate "2008.03.27"]

1. d4 d5 2. Nf3 Nf6 3. c4 e6 4. Nc3 Nbd7 5. g3 Be7 6. Bg2 O-O 7. O-O c6 8. Qc2
Qc7 9. e4 dxe4 10. Nxe4 Nxe4 11. Qxe4 Nf6 12. Qe2 b6 13. b3 Bb7 14. Bb2 Rad8
15. Rac1 Rfe8 16. Rfd1 c5 17. dxc5 Qxc5 18. Nd2 Bxg2 19. Kxg2 Qf5 20. Qf3 Qa5
21. Bc3 Qxa2 22. Ra1 Qc2 23. Rdc1 Qg6 24. Rxa7 Rd3 25. Qc6 Rxc3 26. Rxc3 Bb4
27. Rf3 Bxd2 28. Rxf6 gxf6 29. Qxe8+ Kg7 30. Qxe6 Bc3 31. h3 h5 32. Qe8 Be5 33.
Ra8 Qe4+ 34. Kh2 Qf3 35. Qh8+ Kg6 36. Rg8+ Kf5 37. Qh7+ Ke6 38. Qc2 h4 39. Re8+
Kd7 40. Rxe5 hxg3+ 41. fxg3 fxe5 42. Qd2+ Ke7 43. Qb4+ Ke8 44. Qb5+ Kf8 45.
Qb4+ Kg7 46. Qe1 e4 47. b4 f5 48. c5 bxc5 49. bxc5 Qd3 50. c6 Qc2+ 51. Kg1 Qxc6
52. Qf2 Qd5 53. h4 Kg6 54. Qe3 Qd1+ 55. Kh2 Qg4 56. Qb6+ Kf7 57. Qc7+ Ke6 58.
Qc6+ Ke5 59. Qc5+ Kf6 60. Qc4 Qf3 61. Qd4+ Kg6 62. Qd6+ Kh5 63. Qf6 Qe2+ 64.
Kh3 Qf1+ 65. Kh2 1/2-1/2

[Event "C.to Provinciale AT"]
[Site "Asti ITA"]
[Date "2008.03.29"]
[Round "4"]
[White "Di Paolo, Raffaele"]
[Black "Fossati, Remigio"]
[Result "1-0"]
[WhiteElo "2363"]
[BlackElo "2208"]
[PlyCount "73"]
[EventDate "2008.03.27"]

1. e4 c5 2. Nf3 d6 3. c3 Nf6 4. Be2 Bd7 5. e5 Nd5 6. d4 cxd4 7. O-O e6 8. cxd4
Bc6 9. Nc3 Nd7 10. Re1 Rc8 11. Nxd5 Bxd5 12. Bf4 Qb6 13. Rc1 Rxc1 14. Qxc1 dxe5
15. Nxe5 Nxe5 16. Bxe5 Be7 17. Qc8+ Bd8 18. Qc5 Qxc5 19. dxc5 Bf6 20. Bb5+ Kd8
21. Bxf6+ gxf6 22. a3 Rg8 23. g3 f5 24. Rd1 Kc7 25. Rd4 Rd8 26. b4 e5 27. Rd2
f4 28. gxf4 exf4 29. Rd4 f3 30. h3 Rg8+ 31. Rg4 Rd8 32. Bc4 Bxc4 33. Rxc4 Rd3
34. a4 Kd8 35. Kh2 Ke7 36. Kg3 Ke6 37. b5 1-0

[Event "C.to Provinciale AT"]
[Site "Asti ITA"]
[Date "2008.03.29"]
[Round "4"]
[White "Favoni, Matteo"]
[Black "Forno, Roberto"]
[Result "1-0"]
[WhiteElo "1900"]
[BlackElo "1947"]
[PlyCount "101"]
[EventDate "2008.03.27"]

1. d4 d5 2. c4 e6 3. Nc3 Nf6 4. Nf3 c6 5. Bg5 Bb4 6. Qc2 Nbd7 7. e3 Qa5 8. Nd2
O-O 9. Bxf6 Nxf6 10. Bd3 Re8 11. O-O e5 12. Nb3 Qc7 13. cxd5 Bxc3 14. Qxc3 e4
15. Be2 Nxd5 16. Qd2 a5 17. Nc5 b6 18. Na4 Re6 19. Nc3 Rh6 20. g3 Nf6 21. f3
Bh3 22. fxe4 Bxf1 23. Rxf1 b5 24. e5 Nd7 25. Bf3 Rd8 26. Qf2 Nb6 27. Ne4 Nd5
28. Ng5 Rf8 29. Bg4 Qe7 30. h4 f6 31. Be6+ Kh8 32. Bxd5 cxd5 33. Qf5 Rh5 34.
Qe6 Qxe6 35. Nxe6 Rf7 36. Nf4 Rh6 37. Nxd5 f5 38. e4 Rc6 39. Rxf5 Kg8 40. Rxf7
Kxf7 41. Ne3 Rc1+ 42. Kf2 Rb1 43. d5 Rxb2+ 44. Kf3 Rxa2 45. e6+ Ke8 46. d6 a4
47. Nf5 g6 48. Ng7+ Kf8 49. e7+ Kxg7 50. e8=Q Ra3+ 51. Kf4 1-0

[Event "C.to Provinciale AT"]
[Site "Asti ITA"]
[Date "2008.03.29"]
[Round "4"]
[White "Medaglia, Enzo"]
[Black "Bertazzoni, Giuseppe"]
[Result "0-1"]
[WhiteElo "1857"]
[BlackElo "1933"]
[PlyCount "72"]
[EventDate "2008.03.27"]

1. e4 c5 2. Nf3 e6 3. c3 a6 4. g3 d6 5. Bg2 Qc7 6. d4 Nc6 7. Be3 Nf6 8. Nbd2
Ng4 9. O-O Nxe3 10. fxe3 Be7 11. Rc1 Bf6 12. Qe2 Rb8 13. Ne1 h5 14. Nd3 Ne7 15.
Nc4 b5 16. Nxd6+ Qxd6 17. e5 Bxe5 18. Nxe5 f6 19. Nd3 c4 20. Nc5 e5 21. Qf2 f5
22. b4 O-O 23. Ne4 Qg6 24. dxe5 Bb7 25. Nd2 Bxg2 26. Qxg2 Rbd8 27. Nf3 Rd3 28.
Rfe1 Nd5 29. Nd4 Nxe3 30. Qf2 f4 31. Kh1 fxg3 32. Qxg3 Ng4 33. Qg2 Rf2 34. Qe4
Rxh2+ 35. Kg1 Rg3+ 36. Kf1 Rf2# 0-1

[Event "C.to Provinciale AT"]
[Site "Asti ITA"]
[Date "2008.03.29"]
[Round "4"]
[White "Muscato, Alessandro"]
[Black "Monticone, Sonia"]
[Result "1/2-1/2"]
[WhiteElo "2002"]
[BlackElo "1757"]
[PlyCount "60"]
[EventDate "2008.03.27"]

1. e4 c5 2. b4 cxb4 3. d4 d5 4. exd5 Nf6 5. Bb5+ Bd7 6. Bc4 Bf5 7. Bb5+ Bd7 8.
Bc4 Bf5 9. a3 Be4 10. Nf3 Bxd5 11. Bxd5 Nxd5 12. axb4 e6 13. c3 Be7 14. O-O O-O
15. Qd3 Nd7 16. Nbd2 Qc7 17. Ne4 N7f6 18. Nxf6+ Bxf6 19. Bd2 Qd6 20. g3 a6 21.
b5 axb5 22. Qxb5 b6 23. Rab1 Rfc8 24. Rb3 Ra3 25. Rfb1 Nxc3 26. Bxc3 Rxc3 27.
Rxa3 Rxa3 28. Qxb6 Qxb6 29. Rxb6 g6 30. Kg2 Rd3 1/2-1/2

[Event "C.to Provinciale AT"]
[Site "Asti ITA"]
[Date "2008.03.29"]
[Round "4"]
[White "Piantadosi, Angelo"]
[Black "Sattanino, Andrea"]
[Result "0-1"]
[WhiteElo "1673"]
[BlackElo "1846"]
[PlyCount "114"]
[EventDate "2008.03.27"]

1. e4 e5 2. Nf3 Nf6 3. Nxe5 d6 4. Nf3 Nxe4 5. Qe2 Qe7 6. d3 Nf6 7. Bg5 Be6 8.
Nc3 h6 9. Bxf6 Qxf6 10. d4 Be7 11. Qb5+ Nd7 12. Qxb7 O-O 13. Bd3 Nb6 14. Qe4 g6
15. Qe3 Kg7 16. Ne4 Qf5 17. Nc5 Nd5 18. Bxf5 Nxe3 19. Nxe6+ fxe6 20. fxe3 exf5
21. O-O-O Bf6 22. c3 Rae8 23. Rde1 Re7 24. Re2 Rfe8 25. Rhe1 d5 26. Kd2 g5 27.
Kd3 Re6 28. Nd2 Ra6 29. Ra1 Rb8 30. Nf1 Re6 31. Ng3 f4 32. Nh5+ Kg6 33. Nxf6
Kxf6 34. b3 Re4 35. Rf1 Rbe8 36. Rf3 Kf5 37. g3 Kg4 38. Rff2 Rxe3+ 39. Rxe3
Rxe3+ 40. Kd2 Rf3 41. Re2 fxg3 42. hxg3 Kxg3 43. Re5 Rf2+ 44. Kd3 Rxa2 45. Rxd5
g4 46. Rh5 Ra6 47. Ke4 Rc6 48. c4 Rb6 49. d5 Kg2 50. Kf5 g3 51. c5 Rxb3 52.
Rxh6 Rc3 53. Rc6 Kf2 54. Rxc7 g2 55. Rg7 Rg3 56. Rxg3 Kxg3 57. d6 g1=Q 0-1

[Event "C.to Provinciale AT"]
[Site "Asti ITA"]
[Date "2008.03.29"]
[Round "4"]
[White "Raviola, Giuseppe"]
[Black "Brancaleoni, Maurizio"]
[Result "0-1"]
[WhiteElo "2113"]
[BlackElo "2214"]
[PlyCount "68"]
[EventDate "2008.03.27"]

1. e4 e5 2. Nf3 Nc6 3. Bc4 Bc5 4. O-O Nf6 5. c3 Nxe4 6. d4 d5 7. dxc5 dxc4 8.
Qxd8+ Kxd8 9. Rd1+ Ke7 10. Re1 f5 11. Nbd2 Nxd2 12. Bxd2 Kf6 13. Re2 f4 14. h3
Bf5 15. b4 a6 16. Kh2 g5 17. h4 h6 18. a4 Bg4 19. Rae1 Rhe8 20. b5 Bxf3 21.
gxf3 axb5 22. axb5 Na5 23. Bc1 Nb3 24. Re4 Ra1 25. Bd2 Ra2 26. Bc1 Rxf2+ 27.
Kg1 Rc2 28. Ba3 Nd2 29. R1e2 Ra8 30. Bb4 Raa2 31. c6 bxc6 32. bxc6 Nxe4 33.
Rxc2 Rxc2 34. fxe4 Ke6 0-1

[Event "C.to Provinciale AT"]
[Site "Asti ITA"]
[Date "2008.03.29"]
[Round "4"]
[White "Ronzano, Luca"]
[Black "Fortino, Fabrizio"]
[Result "0-1"]
[WhiteElo "1993"]
[BlackElo "2068"]
[PlyCount "58"]
[EventDate "2008.03.27"]

1. e4 c5 2. d4 cxd4 3. f4 d5 4. e5 g6 5. Nf3 Bg4 6. Bd3 Bg7 7. h3 Bxf3 8. Qxf3
e6 9. O-O Ne7 10. b4 O-O 11. Nd2 Nbc6 12. a3 Rc8 13. Nb3 f6 14. Qg4 Nf5 15. Bd2
fxe5 16. b5 e4 17. bxc6 Rxc6 18. Bb5 Rxc2 19. Rac1 Rxc1 20. Rxc1 Qb6 21. a4 d3+
22. Kh2 Qf2 23. Bb4 Ne3 24. Qxe6+ Kh8 25. Rg1 Qxf4+ 26. g3 Qf2+ 27. Kh1 Qf3+
28. Kh2 Nf1+ 29. Rxf1 Qe2+ 0-1

[Event "C.to Provinciale AT"]
[Site "Asti ITA"]
[Date "2008.03.29"]
[Round "4"]
[White "Sorcinelli, Francesco"]
[Black "Mangione, Claudio"]
[Result "1/2-1/2"]
[WhiteElo "2119"]
[BlackElo "2051"]
[PlyCount "68"]
[EventDate "2008.03.27"]

1. e4 c5 2. Nc3 e6 3. Nf3 a6 4. g3 b5 5. Bg2 Bb7 6. d3 Nc6 7. O-O d6 8. Re1
Nge7 9. d4 cxd4 10. Nxd4 Nxd4 11. Qxd4 Nc6 12. Qd1 Be7 13. Bf4 Ne5 14. Qh5 Qc7
15. Rad1 O-O 16. a3 Rfd8 17. Bc1 Bf6 18. g4 g6 19. Qh6 Nxg4 20. Qf4 h5 21. h3
Be5 22. Qg5 Nf6 23. f4 Nh7 24. Qg3 Bf6 25. Bf3 Kh8 26. Rd3 Rd7 27. Red1 Rad8
28. Qg2 Bg7 29. Kh1 Rg8 30. Be3 Bc6 31. Qd2 Rgd8 32. Qf2 Rb8 33. Qd2 Rbd8 34.
Qf2 Rb8 1/2-1/2

[Event "C.to Provinciale AT"]
[Site "Asti ITA"]
[Date "2008.03.29"]
[Round "4"]
[White "Sorgi, Paolo"]
[Black "Lucchese, Paolo"]
[Result "0-1"]
[WhiteElo "1921"]
[BlackElo "1994"]
[PlyCount "86"]
[EventDate "2008.03.27"]

1. d4 c5 2. d5 e5 3. c4 d6 4. e4 Be7 5. Nf3 g6 6. Nc3 Nf6 7. Be2 Nh5 8. O-O Nd7
9. Be3 Ndf6 10. Ne1 Nf4 11. Nd3 Nxe2+ 12. Qxe2 Ng4 13. Bd2 f5 14. f4 fxe4 15.
Nxe4 exf4 16. Nxd6+ Qxd6 17. Bxf4 Qf6 18. d6 Qd4+ 19. Kh1 O-O 20. dxe7 Re8 21.
h3 Bf5 22. hxg4 Qxd3 23. Qe5 Be4 24. Bh6 Qh3+ 25. Qh2 Bxg2+ 26. Kg1 Bxf1 27.
Rxf1 Qxh2+ 28. Kxh2 Rxe7 29. Rf2 Re4 30. Kg3 Rxc4 31. b3 Rd4 32. Rc2 b6 33. Rc3
Rad8 34. Kh4 Rd3 35. Rc2 Rf3 36. Re2 Kf7 37. Bg5 Rdd3 38. Rh2 Rd4 39. Re2 h5
40. Rg2 Rf1 41. Be3 Rh1+ 42. Kg3 Rxg4+ 43. Kf3 Rh3+ 0-1

[Event "C.to Provinciale AT"]
[Site "Asti ITA"]
[Date "2008.03.29"]
[Round "4"]
[White "Squarci, Franco"]
[Black "Turchetta, Gianluca"]
[Result "0-1"]
[WhiteElo "1831"]
[BlackElo "1934"]
[PlyCount "108"]
[EventDate "2008.03.27"]

1. d4 Nf6 2. Nf3 g6 3. Nbd2 d5 4. Ne5 Bg7 5. Ndf3 O-O 6. Bf4 c5 7. e3 Nc6 8. c3
cxd4 9. exd4 Qb6 10. Qb3 Qxb3 11. axb3 Ne4 12. Nxc6 bxc6 13. Ba6 c5 14. O-O
cxd4 15. cxd4 g5 16. Be3 Bxa6 17. Rxa6 Rfb8 18. Ra3 Rb7 19. Ne5 Rc8 20. f3 Nd6
21. Nd3 Nf5 22. Bxg5 Bxd4+ 23. Kh1 f6 24. Bd2 Rc2 25. Rd1 Ne3 26. Bxe3 Bxe3 27.
b4 Rbc7 28. h4 e5 29. Kh2 e4 30. fxe4 dxe4 31. Nc5 Bxc5 32. bxc5 R2xc5 33. Rg3+
Kf7 34. Rd8 Ke6 35. Kh3 f5 36. Rgg8 Re7 37. Kg3 Ke5 38. h5 Rcc7 39. h6 Rc6 40.
Rg7 Rxg7+ 41. hxg7 Rg6+ 42. Kf2 Rxg7 43. Re8+ Kf4 44. Re6 e3+ 45. Kf1 Rb7 46.
Rh6 Rxb2 47. Rxh7 Ra2 48. Rh3 a5 49. Rh2 Rf2+ 50. Ke1 a4 51. Rh4+ Kg3 52. Rxa4
Kxg2 53. Rh4 f4 54. Rg4+ Kf3 0-1

[Event "C.to Provinciale AT"]
[Site "Asti ITA"]
[Date "2008.03.30"]
[Round "5"]
[White "Astengo, Marcello"]
[Black "Finocchiaro, Gianluca"]
[Result "0-1"]
[WhiteElo "2039"]
[BlackElo "1985"]
[PlyCount "43"]
[EventDate "2008.03.27"]

1. d4 Nf6 2. c4 g6 3. Nc3 d5 4. Nf3 Bg7 5. Bf4 O-O 6. e3 c5 7. dxc5 Qa5 8. Be5
Nc6 9. Bd4 Bg4 10. Qb3 Bxf3 11. Bxf6 Bxf6 12. gxf3 d4 13. exd4 Nxd4 14. Qd1
Rfd8 15. Bd3 Qxc5 16. Nd5 Bh4 17. O-O e6 18. Ne3 Qh5 19. Ng4 f5 20. Ne5 Bf6 21.
f4 Qh4 22. Nf3 0-1

[Event "C.to Provinciale AT"]
[Site "Asti ITA"]
[Date "2008.03.30"]
[Round "5"]
[White "Bertazzoni, Giuseppe"]
[Black "Piantadosi, Angelo"]
[Result "0-1"]
[WhiteElo "1933"]
[BlackElo "1673"]
[PlyCount "74"]
[EventDate "2008.03.27"]

1. Nf3 d5 2. g3 Nf6 3. Bg2 e6 4. b3 g6 5. Bb2 Bg7 6. d3 O-O 7. O-O c5 8. Nbd2
Nc6 9. a3 b6 10. Ne5 Nxe5 11. Bxe5 Nd7 12. Bxg7 Kxg7 13. e4 Bb7 14. Qe2 Qc7 15.
f4 dxe4 16. dxe4 Rac8 17. e5 Bxg2 18. Qxg2 f6 19. exf6+ Nxf6 20. Rfe1 Rce8 21.
Nf3 h6 22. h3 Nd7 23. c4 Re7 24. Qc2 g5 25. Re2 gxf4 26. Nh4 Rg8 27. Nf5+ Kf8
28. Nxe7 Rxg3+ 29. Rg2 f3 30. Ng6+ Ke8 31. Rxg3 Qxg3+ 32. Kh1 f2 33. Nf4 Qf3+
34. Kh2 Qxf4+ 35. Kg2 Qg5+ 36. Kh2 Qe5+ 37. Kg2 Qxa1 0-1

[Event "C.to Provinciale AT"]
[Site "Asti ITA"]
[Date "2008.03.30"]
[Round "5"]
[White "Brancaleoni, Maurizio"]
[Black "Di Paolo, Raffaele"]
[Result "1/2-1/2"]
[WhiteElo "2214"]
[BlackElo "2363"]
[PlyCount "31"]
[EventDate "2008.03.27"]

1. e4 e5 2. Nf3 Nc6 3. Bb5 a6 4. Ba4 Nf6 5. O-O Be7 6. Qe2 b5 7. Bb3 O-O 8. c3
d6 9. d3 Bb7 10. Rd1 Re8 11. Ng5 Rf8 12. Nf3 Re8 13. Nbd2 Bf8 14. Nf1 h6 15. a3
g6 16. Ba2 1/2-1/2

[Event "C.to Provinciale AT"]
[Site "Asti ITA"]
[Date "2008.03.30"]
[Round "5"]
[White "Crepaldi, Marco"]
[Black "Medaglia, Enzo"]
[Result "1-0"]
[WhiteElo "1836"]
[BlackElo "1857"]
[PlyCount "60"]
[EventDate "2008.03.27"]

1. e4 c5 2. Nf3 d6 3. d4 cxd4 4. Nxd4 Nf6 5. Nc3 a6 6. Bg5 e5 7. Bxf6 Qxf6 8.
Nd5 Qd8 9. Nf5 Nc6 10. c3 Bxf5 11. exf5 Be7 12. Qf3 O-O 13. Bd3 f6 14. h4 Rc8
15. h5 b5 16. h6 Rf7 17. hxg7 Rxg7 18. Rh6 Qf8 19. O-O-O Kh8 20. Rdh1 Qf7 21.
Be4 Nb8 22. Nb6 Rc7 23. Bd5 Qe8 24. Qh3 Bd8 25. Be6 Nc6 26. Nd5 Ra7 27. Nxf6
Bxf6 28. Rxf6 Rac7 29. Rh6 Nd4 30. f6 Rgf7 1-0

[Event "C.to Provinciale AT"]
[Site "Asti ITA"]
[Date "2008.03.30"]
[Round "5"]
[White "De Francisci, Luigi"]
[Black "Muscato, Alessandro"]
[Result "1-0"]
[WhiteElo "1961"]
[BlackElo "2002"]
[PlyCount "137"]
[EventDate "2008.03.27"]

1. d4 c6 2. e4 d5 3. Nc3 dxe4 4. f3 exf3 5. Nxf3 Bg4 6. Bc4 e6 7. O-O Nf6 8.
Ne2 Nbd7 9. Bf4 Nd5 10. Bd2 N7f6 11. Bd3 Nb4 12. Bxb4 Bxb4 13. c3 Bd6 14. Qd2
Qc7 15. h3 Bh5 16. c4 Bg6 17. c5 Bg3 18. Bxg6 hxg6 19. Qg5 Nh5 20. Ne5 Bxe5 21.
dxe5 Qa5 22. Qe3 f5 23. exf6 O-O-O 24. Qxe6+ Kb8 25. Qe5+ Qc7 26. Qxc7+ Kxc7
27. fxg7 Nxg7 28. Rf7+ Rd7 29. Rxd7+ Kxd7 30. Nf4 g5 31. Rd1+ Kc7 32. Ne2 Ne6
33. b4 Rh4 34. a3 g4 35. Rd6 Ng7 36. Rg6 Nf5 37. hxg4 Ne3 38. Rg7+ Kb8 39. Nd4
Nc4 40. Rg8+ Kc7 41. Rg7+ Kb8 42. Rg8+ Kc7 43. Nf5 Rh7 44. g5 Kd7 45. g6 Rh5
46. Rf8 Rg5 47. g7 Ke6 48. Nd6 Nxd6 49. g8=Q+ Rxg8 50. Rxg8 Nc4 51. Rg7 b6 52.
Rxa7 bxc5 53. bxc5 Kd5 54. Ra4 Nb2 55. Ra5 Nc4 56. Ra4 Nb2 57. Rb4 Nd3 58. g4
Kxc5 59. g5 Nxb4 60. axb4+ Kxb4 61. g6 c5 62. g7 c4 63. g8=Q Kc3 64. Qg6 Kb2
65. Qg2+ Kb3 66. Qd2 c3 67. Qc1 c2 68. Kf2 Kc3 69. Ke3 1-0

[Event "C.to Provinciale AT"]
[Site "Asti ITA"]
[Date "2008.03.30"]
[Round "5"]
[White "Del Nevo, Claudio"]
[Black "Biancotti, Alessandro"]
[Result "1-0"]
[WhiteElo "1920"]
[BlackElo "1873"]
[PlyCount "131"]
[EventDate "2008.03.27"]

1. d4 Nf6 2. Nf3 d5 3. Bg5 Ne4 4. Bf4 c5 5. c3 e6 6. e3 cxd4 7. exd4 Bd6 8. Ne5
O-O 9. Bg3 Nc6 10. Nxc6 bxc6 11. Bd3 Nf6 12. Qc2 Re8 13. Be5 h6 14. h3 Bxe5 15.
dxe5 Nd7 16. f4 Qh4+ 17. Qf2 Qxf2+ 18. Kxf2 Nc5 19. Bc2 Ba6 20. b4 Bd3 21. Bxd3
Nxd3+ 22. Ke3 Nb2 23. Nd2 a5 24. a3 Rec8 25. Nb3 Nc4+ 26. Kd4 Kf8 27. Rhb1 Rc7
28. Nc5 axb4 29. axb4 Rca7 30. Nb3 Na3 31. Rc1 Ke7 32. Na5 Nb5+ 33. Kc5 Kd7 34.
Rab1 Ra6 35. Rb2 f6 36. c4 Na7 37. Kd4 Rb8 38. Nb3 Rab6 39. Ra1 Nc8 40. Nc5+
Ke7 41. Rab1 f5 42. Nd3 Ra6 43. b5 cxb5 44. Rxb5 Rxb5 45. cxb5 Ra4+ 46. Rb4
Rxb4+ 47. Nxb4 Kd7 48. Kc5 Kc7 49. Nc6 Nb6 50. Nd4 Nd7+ 51. Kb4 Nf8 52. Ka5 Kb7
53. b6 g5 54. g3 gxf4 55. gxf4 h5 56. Kb5 h4 57. Kc5 Ng6 58. Nxe6 d4 59. Nxd4
Nxf4 60. Nxf5 Ne6+ 61. Kd6 Nf8 62. e6 Nxe6 63. Kxe6 Kxb6 64. Nxh4 Kc7 65. Nf5
Kd8 66. Ng7 1-0

[Event "C.to Provinciale AT"]
[Site "Asti ITA"]
[Date "2008.03.30"]
[Round "5"]
[White "Forno, Roberto"]
[Black "Turchetta, Gianluca"]
[Result "0-1"]
[WhiteElo "1947"]
[BlackElo "1934"]
[PlyCount "106"]
[EventDate "2008.03.27"]

1. d4 Nf6 2. Bg5 Ne4 3. Bf4 d5 4. c4 e6 5. Qc2 Bb4+ 6. Nc3 Qf6 7. e3 c5 8.
O-O-O Bxc3 9. bxc3 Qe7 10. f3 Nf6 11. Nh3 cxd4 12. cxd4 Qa3+ 13. Kb1 Bd7 14.
Rd3 Qb4+ 15. Rb3 Qe1+ 16. Qc1 Qxc1+ 17. Kxc1 Bc6 18. Bd6 Nbd7 19. c5 Rc8 20.
Bb5 Bxb5 21. Rxb5 b6 22. Kd2 Rc6 23. Rhb1 Kd8 24. Ng5 Ke8 25. a4 h6 26. Nh3 Kd8
27. a5 Ne8 28. axb6 axb6 29. Bg3 bxc5 30. dxc5 Rxc5 31. Rxc5 Nxc5 32. Rb5 Nd7
33. Nf4 Nd6 34. Nxe6+ Ke7 35. Bxd6+ Kxe6 36. Bg3 Ra8 37. Rb2 Ra6 38. Ke2 Nb6
39. Be1 Nc4 40. Rb7 Ra2+ 41. Kf1 Nxe3+ 42. Kg1 Rxg2+ 43. Kh1 Re2 44. Bg3 g6 45.
Rb6+ Kf5 46. Rb7 f6 47. Rb4 g5 48. Rd4 h5 49. h4 Ke6 50. Kg1 Rg2+ 51. Kh1 Rxg3
52. Rd3 Rxf3 53. hxg5 fxg5 0-1

[Event "C.to Provinciale AT"]
[Site "Asti ITA"]
[Date "2008.03.30"]
[Round "5"]
[White "Fossati, Remigio"]
[Black "Favoni, Matteo"]
[Result "1/2-1/2"]
[WhiteElo "2208"]
[BlackElo "1900"]
[PlyCount "37"]
[EventDate "2008.03.27"]

1. d4 Nf6 2. c4 g6 3. Nc3 d5 4. Nf3 Bg7 5. Qb3 dxc4 6. Qxc4 O-O 7. e4 Nc6 8.
Bg5 Bg4 9. O-O-O Nd7 10. e5 Nb6 11. Qc5 Nd7 12. Qd5 Nb6 13. Qc5 Nd7 14. Qb5 Nb6
15. Be2 a6 16. Qc5 Nd7 17. Qd5 Nb6 18. Qb3 a5 19. Qb5 1/2-1/2

[Event "C.to Provinciale AT"]
[Site "Asti ITA"]
[Date "2008.03.30"]
[Round "5"]
[White "Lucchese, Paolo"]
[Black "Cova, Alessandro"]
[Result "1-0"]
[WhiteElo "1994"]
[BlackElo "1936"]
[PlyCount "107"]
[EventDate "2008.03.27"]

1. e4 d6 2. d4 Nf6 3. Nc3 g6 4. Nge2 Bg7 5. g3 O-O 6. Bg2 c6 7. O-O Nbd7 8. h3
e5 9. Be3 Qe7 10. Qd2 Nb6 11. b3 Ne8 12. a4 Nc7 13. a5 Nd7 14. Rad1 Ne6 15.
dxe5 dxe5 16. Na4 Ndc5 17. Qb4 b6 18. axb6 axb6 19. Nxb6 Rb8 20. Nxc8 Rfxc8 21.
Qc4 Bf8 22. f4 exf4 23. gxf4 Ng7 24. Ng3 Qe6 25. Qxe6 Ncxe6 26. f5 Bc5 27. Bxc5
Nxc5 28. Rf3 Rd8 29. Rxd8+ Rxd8 30. Rc3 Rd1+ 31. Kh2 Nd7 32. Rxc6 gxf5 33. Rc8+
Nf8 34. exf5 h5 35. f6 h4 36. Rxf8+ Kxf8 37. fxg7+ Kxg7 38. Nf5+ Kf6 39. Nxh4
Rd2 40. c4 Rb2 41. c5 Rxb3 42. c6 Rc3 43. Bf3 Kg5 44. Kg3 f5 45. Ng2 Rc4 46.
h4+ Kf6 47. Nf4 Ke5 48. Ng6+ Kf6 49. h5 Kg5 50. Nf4 Rxf4 51. h6 Rc4 52. h7 Rh4
53. c7 f4+ 54. Kg2 1-0

[Event "C.to Provinciale AT"]
[Site "Asti ITA"]
[Date "2008.03.30"]
[Round "5"]
[White "Mangione, Claudio"]
[Black "Fortino, Fabrizio"]
[Result "1-0"]
[WhiteElo "2051"]
[BlackElo "2068"]
[PlyCount "103"]
[EventDate "2008.03.27"]

1. Nf3 Nf6 2. c4 g6 3. Nc3 Bg7 4. e4 d6 5. d4 O-O 6. Be2 e5 7. Be3 Nc6 8. d5
Ne7 9. Nd2 Ne8 10. f3 f5 11. c5 Rf7 12. Nc4 Bf8 13. Qb3 b6 14. cxd6 cxd6 15.
O-O-O Bg7 16. Kb1 Rb8 17. a4 Bd7 18. Rc1 Nc8 19. Na5 Qf6 20. Nc6 Ra8 21. Ba6
Ne7 22. Bb7 Nxc6 23. dxc6 Be6 24. Nd5 Bxd5 25. Qxd5 Nc7 26. Qb3 Rb8 27. Rhd1
Bf8 28. a5 Qe6 29. Qxe6 Nxe6 30. axb6 axb6 31. Bxb6 Rfxb7 32. cxb7 Rxb7 33. Rc6
Kf7 34. Rdc1 Ke7 35. Be3 Rb3 36. R1c3 Rb4 37. R6c4 Rb5 38. Ra4 Kf6 39. Kc2 Rb7
40. Ra7 Rb4 41. exf5 gxf5 42. Rxh7 d5 43. Rc6 f4 44. Bf2 e4 45. Bh4+ Ke5 46.
Rh5+ Kd4 47. Bf6+ Ke3 48. Rxe6 Rc4+ 49. Bc3 Kf2 50. Rxd5 e3 51. Kd3 Rc8 52. g3
1-0

[Event "C.to Provinciale AT"]
[Site "Asti ITA"]
[Date "2008.03.30"]
[Round "5"]
[White "Monticone, Sonia"]
[Black "Ronzano, Luca"]
[Result "1/2-1/2"]
[WhiteElo "1757"]
[BlackElo "1993"]
[PlyCount "47"]
[EventDate "2008.03.27"]

1. c4 e5 2. Nc3 d6 3. g3 f5 4. Bg2 Nf6 5. e3 Be7 6. Nge2 O-O 7. d3 a5 8. O-O c6
9. b3 Nbd7 10. Ba3 Nb6 11. Rc1 Qe8 12. Qd2 Be6 13. Rfd1 Qh5 14. d4 Rad8 15. Qc2
Nc8 16. d5 Bd7 17. Na4 f4 18. exf4 Bg4 19. Nac3 Rf7 20. dxc6 bxc6 21. fxe5 Qxe5
22. Bxc6 Rdf8 23. Rf1 Kh8 24. Nf4 1/2-1/2

[Event "C.to Provinciale AT"]
[Site "Asti ITA"]
[Date "2008.03.30"]
[Round "5"]
[White "Quirico, Paolo"]
[Black "Raviola, Giuseppe"]
[Result "1-0"]
[WhiteElo "2115"]
[BlackElo "2113"]
[PlyCount "83"]
[EventDate "2008.03.27"]

1. d4 d5 2. Bf4 e6 3. e3 Nf6 4. Nf3 Bd6 5. Ne5 O-O 6. Nd2 b6 7. c3 Bb7 8. Bd3
Nbd7 9. Qf3 Re8 10. Qh3 g6 11. Ndf3 Nh5 12. Bh6 Bf8 13. Bxf8 Nxe5 14. dxe5 Rxf8
15. g4 d4 16. gxh5 Bxf3 17. Qxf3 dxc3 18. Rd1 cxb2 19. Be4 Qe7 20. Bxa8 Qb4+
21. Kf1 b1=Q 22. Rxb1 Qxb1+ 23. Kg2 Qf5 24. Qxf5 exf5 25. Bf3 Re8 26. hxg6 hxg6
27. Rd1 Rxe5 28. Rd7 Rc5 29. Bd5 Kg7 30. Rxf7+ Kh6 31. Bb3 b5 32. Rd7 Rc3 33.
Kf3 a5 34. Kf4 a4 35. Bg8 g5+ 36. Kxf5 Rc5+ 37. Kg4 Rc2 38. f3 Rc3 39. e4 Kg6
40. Rd5 c5 41. Rxg5+ Kf6 42. h4 1-0

[Event "C.to Provinciale AT"]
[Site "Asti ITA"]
[Date "2008.03.30"]
[Round "5"]
[White "Sattanino, Andrea"]
[Black "Sorcinelli, Francesco"]
[Result "0-1"]
[WhiteElo "1846"]
[BlackElo "2119"]
[PlyCount "58"]
[EventDate "2008.03.27"]

1. d4 Nf6 2. c4 g6 3. Nc3 Bg7 4. e4 d6 5. f3 O-O 6. Be3 c5 7. Nge2 Nc6 8. Qd2
cxd4 9. Nxd4 Nxd4 10. Bxd4 Be6 11. Be2 Qa5 12. Nd5 Qxd2+ 13. Kxd2 Nxe4+ 14.
fxe4 Bxd4 15. Nxe7+ Kg7 16. Nd5 Rab8 17. Rab1 f5 18. Nf4 Bd7 19. exf5 Bxf5 20.
Bd3 Bd7 21. Rhf1 Be5 22. g3 Rf7 23. b3 Rbf8 24. Ke3 Re8 25. Kd2 Ref8 26. Ke3
Bg4 27. Nd5 Rf3+ 28. Ke4 Rf2 29. Ne3 Bf3# 0-1

[Event "C.to Provinciale AT"]
[Site "Asti ITA"]
[Date "2008.03.30"]
[Round "5"]
[White "Torrione, William"]
[Black "Di Chiara, Mauro"]
[Result "0-1"]
[WhiteElo "1917"]
[BlackElo "1812"]
[PlyCount "60"]
[EventDate "2008.03.27"]

1. d4 d6 2. c4 f5 3. g3 Nf6 4. Bg2 g6 5. Nf3 Bg7 6. O-O O-O 7. Nc3 Nc6 8. d5
Ne5 9. Nxe5 dxe5 10. f3 h6 11. e4 f4 12. gxf4 Nh5 13. fxe5 Bxe5 14. Bxh6 Qd6
15. f4 Rxf4 16. Bxf4 Nxf4 17. Qf3 Qc5+ 18. Kh1 Bd7 19. Qg3 Qd6 20. Qf3 Kg7 21.
Ne2 g5 22. Nxf4 Bxf4 23. Qe2 Rh8 24. Rxf4 Qxf4 25. Bf3 e5 26. Rg1 Rh4 27. Qg2
Kf6 28. Rf1 Bh3 29. Rf2 Bxg2+ 30. Bxg2 Qxf2 0-1